header

War in Afghanistan (Record no. 98274)

MARC details
000 -LEADER
fixed length control field 01443nam a2200349Ia 4500
100 1# - MAIN ENTRY--AUTHOR NAME
Personal name Baker, K. J.
245 10 - TITLE STATEMENT
Title War in Afghanistan
250 ## - EDITION STATEMENT
Edition statement 1st ed.
260 ## - PUBLICATION, DISTRIBUTION, ETC. (IMPRINT)
Place of publication Kenthurst, N.S.W. :
Name of publisher Rosenberg Publishing,
Year of publication 2011.
300 ## - PHYSICAL DESCRIPTION
Number of Pages 264 p. :
Other physical details ill., maps.
856 40 - ELECTRONIC LOCATION AND ACCESS
Uniform Resource Identifier http://site.ebrary.com/lib/rucke/Doc?id=10601779

No items available.

© 2026 Rongo University
Contact us: librarian | system librarian | Rongo university